000 01598nam a2200265Ia 4500
001 18575
003 GE_BSU
008 181216s||||||||xx |||||||||||||| ||und||
020 _aISBN 978-9941-17-192-5
040 _cGE_BSU
080 _a94(479.22:470.6)
100 _aგოგოლაური, რომან
245 _aჩრდილო კავკასია - სამცხე-ჯავახეთის ურთიერთობა და ქართლ-კახეთი XVIII საუკუნეში
245 _cრედ.ო.ჯანელიძე
260 _aახალციხე, თბილისი
260 _bუნივერსალი,
260 _c2016
300 _a217გვ; 20სმ.
300 _bგარეკანის პირველ გვ. თმოგვის ციხე. - რეზ. ინგლ. და რუს.. - ბიბლიოგრ. ტექსტ. შენიშვნ. და გვ. 182-190.
300 _cბიბლიოგრ.: გვ:215-217.
653 _aისტორია
653 _aსაქართველო-ჩრდილოეთ კავკასიის ურთიერთობების ისტორია; საქართველო-რუსეთის ურთიერთობების ისტორია;
653 _aჩრდილო კავკასია - სამცხე-ჯავახეთის ურთიერთობა და ქართლ-კახეთი XVIII საუკუნეში
942 _cBK
999 _c51584
_d51584